Biggest Cities of Middle Francia in 843 AD with a Map - Statistics

General Stats
  • This quiz has been taken 403 times
  • The average score is 24 of 54
Answers on the Map
Answers color-coded by a green-red scale on the quiz's map according to % correct below.
 
Answer Stats
Population Cities % Correct
45k Roma (Rome)
97%
27k Mediolanum (Milan)
94%
7k Genua (Genoa)
92%
6k Massalia (Marseille)
87%
14k Lugdunum (Lyon)
86%
6k Florentia (Florence)
84%
7k Bononia (Bologna)
80%
18k Colonia (Cologne)
80%
4k Pisae (Pisa)
79%
27k Verona
78%
6k Aquis (Aachen)
71%
3k Strateburgum (Strasbourg)
70%
12k Patavium (Padua)
69%
12k Ravenna
67%
20k Mettis (Metz)
63%
4k Parma
63%
4k Mutina (Modena)
59%
4k Luca (Lucca)
53%
17k Augusta Treverorum (Trier)
52%
4k Sena Iulia (Siena)
51%
5k Brixia (Brescia)
50%
3k Ancona
47%
4k Bergomum (Bergamo)
46%
22k Papia (Pavia)
46%
10k Forum Alieni (Ferrara)
45%
3k Basilea (Basel)
44%
3k Ariminium (Rimini)
43%
6k Mantua
43%
4k Perusia (Perugia)
40%
11k Arelat (Arles)
37%
4k Regium Lepidi (Reggio Emilia)
37%
4k Cremona
34%
3k Novum Comum (Como)
34%
4k Placentia (Piacenza)
34%
3k Vesontio (Besançon)
32%
3k Lausanna (Lausanne)
30%
3k Modoetia (Monza)
29%
3k Vicetia (Vicenza)
29%
3k Arretium (Arezzo)
28%
4k Forum Livii (Forlì)
28%
3k Tarvisium (Treviso)
24%
4k Vienna (Vienne)
23%
4k Pistoria (Pistoia)
22%
3k Caesena (Cesena)
19%
3k Camaracum (Cambrai)
18%
3k Forum Cornelii (Imola)
18%
3k Faventia (Faenza)
16%
5k Dorestate (Wijk bij Duurstede)
11%
3k Reate (Rieti)
11%
3k Fanum Sancti Geminiani (San Gimignano)
10%
3k Urbs Vetus (Orvieto)
9%
3k Aesis (Iesi)
7%
3k Hoius (Huy)
5%
3k Mons Silicis (Monselice)
5%
No matching quizzes found
Score Distribution
Percent of People with Each Score
Percentile by Number Answered
Your Score History
You have not taken this quiz